Iconic Kalam: (Record no. 201187)
[ view plain ]
| 000 -LEADER | |
|---|---|
| fixed length control field | 00578nam a22001937a 4500 |
| 005 - DATE AND TIME OF LATEST TRANSACTION | |
| control field | 20240403154119.0 |
| 010 ## - LCCN (DPL NO) | |
| LC control number | ENG-139520 |
| 020 ## - INTERNATIONAL STANDARD BOOK NUMBER | |
| Terms of availability | 799.00 |
| International Standard Book Number | 9789385503283 |
| 035 ## - SYSTEM CONTROL NUMBER | |
| System control number | EN-123052 |
| 037 ## - SOURCE OF ACQUISITION | |
| Source of stock number/acquisition | DBAD/PUB |
| 082 ## - DEWEY DECIMAL CLASSIFICATION NUMBER | |
| Classification number | 808.88 |
| 100 ## - MAIN ENTRY--PERSONAL NAME | |
| Personal name | Siddiqui Mohammad Shaheer |
| 245 ## - TITLE STATEMENT | |
| Title | Iconic Kalam: |
| Remainder of title | An Anthology of Thoughts & Practices/ |
| 260 ## - PUBLICATION, DISTRIBUTION, ETC. (IMPRINT) | |
| Place of publication, distribution, etc | Mohan Garden |
| Name of publisher, distributor, etc | New Delhi Publishers |
| 270 ## - ADDRESS | |
| City | NewDelhi |
| Address | 90, Sainik Vihar, |
| Postal code | 110059 |
| 300 ## - PHYSICAL DESCRIPTION | |
| Extent | 180p. |
| Dimensions | 25cm(hb) |
| 700 ## - ADDED ENTRY--PERSONAL NAME | |
| Personal name | Subhankar Ghosh |
| 9 (RLIN) | 62686 |
| 942 ## - ADDED ENTRY ELEMENTS (KOHA) | |
| Source of classification or shelving scheme | Dewey Decimal Classification |
| Item type | English Books |
| Classification part | 808.88 |
| Call number suffix | SID |
| Withdrawn status | Lost status | Not for loan | Collection code | Home library | Current library | Date acquired | Source of acquisition | Cost, normal purchase price | Full call number | Barcode | Copy number | Cost, replacement price | Koha item type |
|---|---|---|---|---|---|---|---|---|---|---|---|---|---|
| Non-fiction | Bawana | Bawana | 01/03/2024 | DBAD | 799.00 | 808.88 SID | EN-123052 | 1 | 799.00 | English Books |
